Dos sepulcros turriformes romanos en la provincia de Gerona / por Carlos Cid Priego

por Cid Priego, Carlos

Descripción Física: p. 61-84, [10] p. de làm ; 24 cm
Materias: Tombes -- Girona

MARC

LEADER 00000nam a2200000Ia 4500
001 17547
008 160829s1954 xx 000 0 cat d
080 |a FU-2-21 
100 |a Cid Priego, Carlos  |9 19791 
245 |a Dos sepulcros turriformes romanos en la provincia de Gerona / por Carlos Cid Priego 
260 |a Saragossa :  |b C.S.I.C. Institución Fernando el Católico de la excma. Diputación Provincial,  |c 1954 
300 |a p. 61-84, [10] p. de làm ;  |c 24 cm 
590 |a Separata de: Caesaraugusta, núm. 5.  
590 |a Prové de R.168 del currículum per la plaça de conservador del Museu Arqueològic, 1957 
650 |a Tombes  |x Girona  |9 47166 
856 4 |u https://media.diba.cat/diba/fitxers/arxiu/fulletons/bib_17547_baixa.pdf  |y Accés lliure 
856 4 |u https://media.diba.cat/diba/fitxers/arxiu/fulletons/bib_17547_baixa.pdf  |y Accés lliure 
901 |a Arxiu 
942 |n 1  |2 udc 
952 |0 0  |1 0  |4 0  |6 FU221  |7 1  |9 53707  |a Arxiu  |b Arxiu  |d 2016-12-01  |l 0  |o FU-2-21  |p 17547  |r 2016-12-01 00:00:00  |w 2016-12-01  |y ARXIU 
999 |c 57573  |d 57573 
900 |a bib_17547_baixa.pdf